000 00242nam a2200097Ia 4500
005 20251222114413.0
008 251222s1900||||xx |||||||||||||| ||spa||
082 _aDVD0070/L37/2009/Ej.2
245 4 _aThe Blind side:Un sueƱo posible
942 _cDVD
999 _c2120
_d2120